000
00332nam a22001457a 4500
008
230626b ||||| |||| 00| 0 eng d
020
_a
9781617314896
041
_a
eng
080
_a
611
082
_a
611
100
_a
10
101
_a
ANATOMY
245
_a
EXPLORING ANATOMY IN THE LABORATORY
_c
AMERMAN .C .E
942
_2
udc
_c
BK
999
_c
60034
_d
60034